000 00574nam a2200157 a 4500
008 120416s0000 ||||||||||||||||| || u
020 _a0823702944
050 _aHG 229 Int
100 _aSolomon, Ezra
245 1 0 _aInternational patterns of inflation
_cedited by Ezra Solomon
246 _aa study in contrasts
260 _aOntario
_bThe Conference Board
_c[1984]
300 _aix, 278p. : ill.
350 _a0.00
995 _D0.00
_FCBU-MAIN LIBRARY (Kitwe)
_H1
_I7.65
_M1
_UAVAILABLE
_ZMain Library Open Access Collection
999 _c47460
_d47460